Instructio: servanda a tribunalibus dioecesanis et interdioecesanis in pertractandis causis nullitatis matrimonii

Furkejuvvon:
Bibliográfalaš dieđut
Searvvušdahkkit: Pontificium Consilium de Legum Textibus (Dahkki), Pontificio Consiglio per i Testi Legislativi (Dahkki)
Materiálatiipa: Girji
Giella:láhtengiella
itáliagiella
Almmustuhtton: Ciudad del Vaticano Libreria Editrice Vaticana 2005
Fáttát:
Fáddágilkorat: Lasit fáddágilkoriid
Eai fáddágilkorat, Lasit vuosttaš fáddágilkora!

MARC

LEADER 00000nam a2200000 a 4500
001 UCK4361
003 CL-VaPUC
008 050603e20050000VC |||||||||||||||||lat|d
020 |a 8820976803 
041 0 7 |a lat  |2 CL-VaPUC 
041 0 7 |a ita  |2 CL-VaPUC 
082 0 4 |a 262.933  |b PON  |2 21 
110 2 |a Pontificium Consilium de Legum Textibus  |e author  |9 492842 
710 2 |a Pontificio Consiglio per i Testi Legislativi  |e author  |9 492843 
245 1 0 |a Instructio: servanda a tribunalibus dioecesanis et interdioecesanis in pertractandis causis nullitatis matrimonii 
246 1 0 |a Istruzione: da osservarsi nei tribunali diocesani e interdiocesani nella trattazione delle cause di nullità del matrimonio 
300 |a 219 p 
942 |c BK 
945 |d 20050603 00:00:00  |a cmena 
260 |a Ciudad del Vaticano  |b Libreria Editrice Vaticana  |c 2005 
650 7 |a DERECHO CANONICO  |2 CL-VaPUC  |9 492844 
650 7 |a MATRIMONIO  |2 CL-VaPUC  |9 492845 
650 7 |a NULIDAD DEL MATRIMONIO  |2 CL-VaPUC  |9 492846 
650 0 |a Sacramentos   |9 257270 
650 0 |a Derecho de familia  |9 255603 
583 |a last modification  |c 20050603 00:00:00  |k Rodrigo Vera 
999 |c 313241  |d 313239 
952 |0 0  |1 0  |4 0  |6 262_933000000000000_PON_2005  |7 0  |8 DER_HDC  |9 384430  |a BIBDER  |b BIBDER  |d 2019-11-22  |i 4134753  |o 262.933 PON 2005  |p 4134753  |r 2023-01-25  |w 2019-11-22  |x Ubicación 4to Piso  |y BK  |z Estos recursos deben solicitarse con anticipación  |k DER